000
00292nam a22001337a 4500
008
180926b xxu||||| |||| 00| 0 eng d
020
_a
9780155071568
041
_a
eng
080
_a
159.9
100
_a
49
101
_a
PSI
245
_a
Counseling Psychology
_c
Gelso, Ch
942
_2
udc
_c
BK
999
_c
48508
_d
48508